| 000 | 00704cab a2200229 4500 | ||
|---|---|---|---|
| 001 | ABS56266 | ||
| 008 | 090401t1996 xxu||||| |||| 00| 0 eng d | ||
| 035 | _a(Sirsi) u22394 | ||
| 041 | _aeng | ||
| 100 | _aWatt, A. | ||
| 245 | _aPersonal safety for planners | ||
| 260 | _c1996 | ||
| 350 | _a0 | ||
| 490 |
_aScottish Planner _v(53) November 1996, 9(1) |
||
| 520 | _aReports on the safety risks faced by planners from aggrieved members of the public. Makes key recommendations to improve safety. | ||
| 650 |
_aHEALTH AND SAFETY _96244 |
||
| 650 | _aPERSONAL SAFETY | ||
| 650 | _aPLANNERS | ||
| 690 | _aMANAGEMENT-BUSINESS MANAGEMENT-PROFESSIONAL PRACTICE | ||
| 942 | _n0 | ||
| 948 | _c04/03/1997 | ||
| 999 |
_c15002 _d15002 |
||